Organes du Corps Humain - Statistiques

Statistiques générales
  • Ce quiz a été pris 1 496 fois
  • Le résultat moyen est 19 sur 48
Statistiques - réponses
Indice Réponse % Correct
Coeur
90%
Odorat Nez
88%
Poumon
86%
Foie
83%
Cerveau
79%
réuodénum
78%
Colon
77%
Rein
76%
Jéjunum
76%
Oeil
76%
Iléum
74%
Estomac
73%
Pancréas
68%
Vessie
66%
Langue
63%
Rate
63%
Oreille
61%
Rectum
57%
Vésicule Biliaire
50%
Oesophage
47%
Caecum
45%
utérus
41%
Jesticule
38%
Vagin
38%
Pénis
37%
Ovaire
36%
Larynx
29%
Jrachée
28%
Cervelet
25%
Pharynx
25%
Prostate
24%
Jhyroïde
22%
réents
20%
Jrompe
13%
uretère
13%
Moelle Epinière
13%
Bronche
9%
Jhymus
8%
Vulve
8%
Surrénale
6%
Clitoris
5%
Jronc Cérébral
5%
Parathyroïde
2%
Parotide
2%
Mammaire
1%
Sublinguale
1%
Submandibulaire
1%
Séminale
0%
Aucun quiz correspondant
Distribution des résultats
% des personnes avec chaque résultat
Percentile par nombre de réponses
Votre historique - résultats
Vous n’avez pas pris ce quiz